Управляемые мультивибраторы на транзисторах

গ্রন্থ-পঞ্জীর বিবরন
প্রধান লেখক: Куликов С. В. Сергей Васильевич
ভাষা:রুশ
প্রকাশিত: Москва, Энергия, 1966
মালা:Библиотека по автоматике
বিষয়গুলি:
বিন্যাস: গ্রন্থ
KOHA link:https://koha.lib.tpu.ru/cgi-bin/koha/opac-detail.pl?biblionumber=176873

MARC

LEADER 00000nam0a2200000 4500
001 176873
005 20231031165412.0
035 |a (RuTPU)RU\TPU\book\191778 
090 |a 176873 
100 |a 20100309d1966 km y0rusy50 ca 
101 0 |a rus 
102 |a RU 
105 |a a z 001zy 
200 1 |a Управляемые мультивибраторы на транзисторах  |f С. В. Куликов 
210 |a Москва  |a Ленинград  |c Энергия  |d 1966 
215 |a 88 с.  |c ил. 
225 1 |a Библиотека по автоматике  |h Вып. 169 
320 |a Библиогр.: с. 82-86. 
610 1 |a полупроводниковые мультивибраторы 
610 1 |a транзисторы 
610 1 |a генераторы-модуляторы 
610 1 |a применение 
610 1 |a расчет 
675 |a 621.385.831  |v 3 
675 |a 621.373.5  |v 3 
700 1 |a Куликов  |b С. В.  |g Сергей Васильевич 
801 1 |a RU  |b 63413507  |c 20100309 
801 2 |a RU  |b 63413507  |c 20220415  |g RCR 
942 |c BK